000 00246nam a22000857a 4500
008 170303b xxu||||| |||| 00| 0 eng d
100 _93022
_aWhittey astewart.et al
245 _aClarrs posetiming in Radiography
260 _aLondan
_bHoader Arnnakl
_c2005
999 _c6265
_d6265